| 000 | 00559nam a22001817a 4500 | ||
|---|---|---|---|
| 020 | _qHard Cover. | ||
| 082 | _aBICSE-6 MAR | ||
| 100 | _aMaryam Sajjad and Faiza Ali. | ||
| 245 |
_aSecure Email for Smart Phones / _cSajjad, Maryam and Ali, Faiza |
||
| 260 |
_aIslamabd: _bSEECS NUST, _c2012. |
||
| 300 |
_a51 p. : _bill. ; _c30cm. |
||
| 563 | _ahbk | ||
| 650 | _aBICSE. | ||
| 700 |
_aMr. Abdul Ghafoor _955237 |
||
| 856 | _uhttp://10.250.8.41:8080/xmlui/handle/123456789/10399 | ||
| 942 |
_2ddc _cPR |
||
| 999 |
_c566075 _d566075 |
||